Public health nursing : (Record no. 19202)
[ view plain ]
| 000 -LEADER | |
|---|---|
| fixed length control field | 01019cam a22002898a 4500 |
| 001 - CONTROL NUMBER | |
| control field | 016590154 |
| 003 - CONTROL NUMBER IDENTIFIER | |
| control field | OSt |
| 005 - DATE AND TIME OF LATEST TRANSACTION | |
| control field | 20150420134918.0 |
| 008 - FIXED-LENGTH DATA ELEMENTS--GENERAL INFORMATION | |
| fixed length control field | 131216t2014 moua frb 001 0 eng d |
| 020 ## - INTERNATIONAL STANDARD BOOK NUMBER | |
| International Standard Book Number | 9780323241731 (pbk.) |
| 040 ## - CATALOGING SOURCE | |
| Original cataloging agency | StDuBDS |
| Transcribing agency | StDuBDS |
| Modifying agency | EG-ScBUE |
| 082 04 - DEWEY DECIMAL CLASSIFICATION NUMBER | |
| Classification number | 610.7343 |
| Edition number | 22 |
| Item number | PUL |
| 130 0# - MAIN ENTRY--UNIFORM TITLE | |
| Uniform title | Public health nursing (Stanhope) |
| 245 10 - TITLE STATEMENT | |
| Title | Public health nursing : |
| Remainder of title | population-centered health care in the community / |
| Statement of responsibility, etc | [edited by] Marcia Stanhope, Jeanette Lancaster. |
| 250 ## - EDITION STATEMENT | |
| Edition statement | 8th ed., Revised reprint. |
| 260 ## - PUBLICATION, DISTRIBUTION, ETC. (IMPRINT) | |
| Place of publication, distribution, etc | Missouri : |
| Name of publisher, distributor, etc | Elsevier, |
| Date of publication, distribution, etc | c.2014. |
| 300 ## - PHYSICAL DESCRIPTION | |
| Extent | xxxi, 1095 p. : |
| Other physical details | ill. (col.) ; |
| Dimensions | 28 cm. |
| 500 ## - GENERAL NOTE | |
| General note | This edition originally published : 2012. |
| 500 ## - GENERAL NOTE | |
| General note | Index : p. 1063-1095.<br/> |
| 504 ## - BIBLIOGRAPHY, ETC. NOTE | |
| Bibliography, etc | Includes bibliographical references. |
| 650 #0 - SUBJECT ADDED ENTRY--TOPICAL TERM | |
| Topical term or geographic name as entry element | Community health nursing |
| 9 (RLIN) | 4083 |
| Source of heading or term | BUEsh. |
| 653 ## - INDEX TERM--UNCONTROLLED | |
| Resource For college | Nursing |
| Arrived date list | April2015 |
| 655 ## - INDEX TERM--GENRE/FORM | |
| Form subdivision | |
| -- | 34232 |
| 700 1# - ADDED ENTRY--PERSONAL NAME | |
| Personal name | Stanhope, Marcia |
| Relator term | editor. |
| 9 (RLIN) | 37665 |
| 700 1# - ADDED ENTRY--PERSONAL NAME | |
| Personal name | Lancaster, Jeanette |
| Relator term | editor. |
| 9 (RLIN) | 37666 |
| 942 ## - ADDED ENTRY ELEMENTS (KOHA) | |
| Source of classification or shelving scheme | Dewey Decimal Classification |
| Withdrawn status | Item status | Source of classification or shelving scheme | Damaged status | Not for loan | Vendor | Home library | Current library | Shelving location | Date acquired | Source of acquisition | Cost, normal purchase price | Serial Enumeration / chronology | Total Checkouts | Total Renewals | Full call number | Barcode | Date last seen | Date last borrowed | Cost, replacement price | Koha item type |
|---|---|---|---|---|---|---|---|---|---|---|---|---|---|---|---|---|---|---|---|---|
| Dewey Decimal Classification | ايمك | Central Library | Central Library | First floor | 20/04/2015 | 908.00 | 2446 | 2 | 1 | 610.7343 PUL | 000038026 | 15/07/2025 | 06/09/2016 | 1135.00 | Book - Borrowing | |||||
| Dewey Decimal Classification | ايمك | Central Library | Central Library | First floor | 20/04/2015 | 908.00 | 2446 | 5 | 21 | 610.7343 PUL | 000038033 | 06/10/2025 | 29/09/2025 | 1135.00 | Book - Borrowing |